<?xml version="1.0" encoding="UTF-8"?>
<record
    xmlns:xsi="http://www.w3.org/2001/XMLSchema-instance"
    xsi:schemaLocation="http://www.loc.gov/MARC21/slim http://www.loc.gov/standards/marcxml/schema/MARC21slim.xsd"
    xmlns="http://www.loc.gov/MARC21/slim">

  <leader>00529nam a2200169 a 4500</leader>
  <controlfield tag="005">20140412111302.0</controlfield>
  <controlfield tag="008">030414s19uu    xx            00    eng d</controlfield>
  <datafield tag="020" ind1=" " ind2=" ">
    <subfield code="a">0-590-30678-2</subfield>
  </datafield>
  <datafield tag="050" ind1=" " ind2=" ">
    <subfield code="a">TR(GS 418</subfield>
    <subfield code="b">R847 1980</subfield>
  </datafield>
  <datafield tag="100" ind1=" " ind2=" ">
    <subfield code="a">Rothstein, Gloria Lesser</subfield>
  </datafield>
  <datafield tag="245" ind1=" " ind2=" ">
    <subfield code="a">Vocabulary skills, A :</subfield>
    <subfield code="b">meaning through structure and context /</subfield>
    <subfield code="c">by Gloria Lesser Rothstein.</subfield>
  </datafield>
  <datafield tag="260" ind1=" " ind2=" ">
    <subfield code="a">New York :</subfield>
    <subfield code="b">Scholastic Inc,</subfield>
    <subfield code="c">1980.</subfield>
  </datafield>
  <datafield tag="300" ind1=" " ind2=" ">
    <subfield code="a">64 p. ; ill.</subfield>
  </datafield>
  <datafield tag="440" ind1=" " ind2=" ">
    <subfield code="a">A Scholastic Skills Program</subfield>
  </datafield>
  <datafield tag="650" ind1=" " ind2=" ">
    <subfield code="a">Vocabulary</subfield>
  </datafield>
  <datafield tag="999" ind1=" " ind2=" ">
    <subfield code="c">103478</subfield>
    <subfield code="d">103478</subfield>
  </datafield>
  <datafield tag="952" ind1=" " ind2=" ">
    <subfield code="0">0</subfield>
    <subfield code="1">0</subfield>
    <subfield code="4">0</subfield>
    <subfield code="a">EL</subfield>
    <subfield code="b">EL</subfield>
    <subfield code="c">TR</subfield>
    <subfield code="d">2003-04-14</subfield>
    <subfield code="e">Lib. Fund</subfield>
    <subfield code="l">0</subfield>
    <subfield code="o">TR(GS 418 R847 1980</subfield>
    <subfield code="p">E4969</subfield>
    <subfield code="r">2014-04-12 00:00:00</subfield>
    <subfield code="w">2014-04-12</subfield>
    <subfield code="y">BK</subfield>
  </datafield>
</record>
